Представление документа в формате MARC21

Поле Инд. ПП Название Значение
Тип записи a
Библиографический уровень m
001 Контрольный номер 3cf4592e7dbf464eb4e170fa87b392e9
005 Дата корректировки 20220513115339.2
008 Кодируемые данные 080728
020 a ISBN 978-5-88373-151-7
040 a Служба первич. каталог. НБ ТвГУ
041 0_ a Код языка текста rus
080 a Индекс УДК 1:008
084 a Индекс другой классификации/Индекс ББК Ю25
a Индекс другой классификации/Индекс ББК Ю251.0
090 x Авторский знак М 22
a Полочн. индекс Ю25
100 1_ a Автор Мамчур Елена Аркадьевна
e Роль лиц Автор
245 00 a Заглавие Образы науки в современной культуре
c Ответственность Мамчур Е. А. ; РАН, Институт философии
260 0_ a Место издания Москва
b Издательство Канон+
c Дата издания 2008
300 a Объем 399 с.
504 a Библиография Библиогр. в подстроч. примеч.
653 0_ a Ключевые слова Философия науки
a Ключевые слова Наука
a Ключевые слова Наука и культура
a Ключевые слова Эпистемология
a Ключевые слова Релятивизм
852 41 i Расстановочный признак Проверка 2022
901 t Тип документа m
920 a Оператор Поля
a Оператор Суха
930 a Новая/Ретро ретро
952 c Вид литературы К рн
954 a Дата поступления на обработку 20090119
e Дата перешифровки 20220113
954 a Дата поступления на обработку 20220513